[Event "Villa Ballester de Invierno op 8th"]
[Site "Villa Ballester"]
[Date "2008.08.18"]
[Round "3"]
[White "Gibson, Tomas"]
[Black "Bronstein, Luis Marcos"]
[Result "1/2-1/2"]
[WhiteElo "2237"]
[BlackElo "2383"]
[PlyCount "147"]
[EventDate "2008.08.16"]
[EventType "swiss"]
[EventRounds "7"]
[EventCountry "ARG"]
[SourceTitle "CBM 126 Extra"]
[Source "ChessBase"]
[SourceDate "2008.11.05"]
[SourceVersion "1"]
[SourceVersionDate "2008.11.05"]
[SourceQuality "1"]

1. d4 Nf6 2. c4 e6 3. Nf3 d5 4. Nc3 Be7 5. Bf4 0-0 6. e3 c5 7. dxc5 Bxc5 8. cxd5 Nxd5 9. Nxd5 exd5 10. a3 Nc6 11. Bd3 Bd6 12. Bxd6 Qxd6 13. 0-0 Qf6 14. Qc2 Bg4 15. Nd2 h6 16. h3 Be6 17. f4 Rac8 18. f5 Bd7 19. Qb3 Ne5 20. Rab1 Bc6 21. Rf4 Rfe8 22. Nf3 Nxf3+ 23. Rxf3 d4 24. e4 Rxe4 25. Bxe4 Bxe4 26. Rd1 Bxf3 27. Qxf3 b6 28. Qf4 Rd8 29. Rd3 Rd5 30. Qe4 Qxf5 31. Qxf5 Rxf5 32. Rxd4 g6 33. b4 Kg7 34. Rd7 a5 35. Rb7 axb4 36. Rxb6 bxa3 37. Ra6 h5 38. Rxa3 h4 39. Ra4 g5 40. Ra6 Rf6 41. Ra5 Kg6 42. Rb5 Rd6 43. Kf2 Rf6+ 44. Kg1 Rf5 45. Rb6+ f6 46. Rb7 Ra5 47. Kf2 Kf5 48. Rb4 Ke5 49. Rg4 Ra2+ 50. Kf3 Rd2 51. Ra4 Rd3+ 52. Kf2 Rd4 53. Ra3 f5 54. Kf3 Rf4+ 55. Ke3 Re4+ 56. Kf2 g4 57. hxg4 fxg4 58. Ra8 Rb4 59. Re8+ Kf6 60. Rh8 Rb2+ 61. Kf1 Kg5 62. Rc8 Kf4 63. Rc3 Rb4 64. Ra3 Re4 65. Kf2 g3+ 66. Kf1 Rb4 67. Ra1 Kg4 68. Kg1 h3 69. Rc1 hxg2 70. Kxg2 Rb2+ 71. Kg1 Kh3 72. Ra1 Rg2+ 73. Kh1 Rh2+ 74. Kg1 1/2-1/2

[Event "Villa Ballester de Invierno op 8th"]
[Site "Villa Ballester"]
[Date "2008.08.16"]
[Round "1"]
[White "Pineiro, Dario"]
[Black "Bronstein, Luis Marcos"]
[Result "0-1"]
[WhiteElo "1927"]
[BlackElo "2383"]
[PlyCount "80"]
[EventDate "2008.08.16"]
[EventType "swiss"]
[EventRounds "7"]
[EventCountry "ARG"]
[SourceTitle "CBM 126 Extra"]
[Source "ChessBase"]
[SourceDate "2008.11.05"]
[SourceVersion "1"]
[SourceVersionDate "2008.11.05"]
[SourceQuality "1"]

1. e4 Nf6 2. e5 Nd5 3. d4 d6 4. c4 Nb6 5. exd6 cxd6 6. Nf3 g6 7. Be2 Bg7 8. 0-0 0-0 9. Nc3 Nc6 10. Be3 Bg4 11. b3 d5 12. c5 Nc8 13. h3 Bxf3 14. Bxf3 e6 15. Qd2 N8e7 16. Rad1 Nf5 17. Ne2 Nh4 18. Bg4 h5 19. Bg5 Bf6 20. Bxh4 Bxh4 21. Bf3 Bf6 22. b4 b5 23. a4 a6 24. Ra1 Bg7 25. axb5 axb5 26. Qd3 Qb8 27. Rxa8 Qxa8 28. Qxb5 Rb8 29. Qd3 Rxb4 30. Rd1 Nxd4 31. Nxd4 Rxd4 32. Qb3 Rxd1+ 33. Bxd1 Bd4 34. Qf3 Bxc5 35. Qc3 Qa7 36. Qg3 Qa1 37. Qd3 h4 38. Qc2 Qd4 39. Qe2 Kg7 40. Bc2 Qf4 0-1

[Event "LNA Puma Cup"]
[Site "Argentina"]
[Date "2007.08.25"]
[Round "3"]
[White "Bronstein, Luis Marcos"]
[Black "Diaz Hollemaert, Nahuel Carlos"]
[Result "1-0"]
[WhiteElo "2347"]
[BlackElo "2420"]
[PlyCount "85"]
[EventDate "2007.08.11"]
[EventType "team"]
[EventRounds "9"]
[EventCountry "ARG"]
[SourceTitle "CBM 120 Extra"]
[Source "ChessBase"]
[SourceDate "2007.11.01"]
[SourceVersion "1"]
[SourceVersionDate "2007.11.01"]
[SourceQuality "1"]

1. d4 d5 2. c4 c6 3. Nf3 Nf6 4. e3 a6 5. Qa4 Nbd7 6. cxd5 cxd5 7. Bd2 e6 8. Bb4 b5 9. Qa3 Bxb4+ 10. Qxb4 Rb8 11. Bd3 a5 12. Qd6 Qb6 13. Qxb6 Rxb6 14. Nbd2 Ke7 15. Rc1 a4 16. Ke2 Bb7 17. Ne5 Nxe5 18. dxe5 Nd7 19. f4 f6 20. Nf3 fxe5 21. Nxe5 Nxe5 22. fxe5 Bc6 23. Rc5 h6 24. Rhc1 Bd7 25. Rc7 Rhb8 26. Ra7 R6b7 27. Rc7 Rxa7 28. Rxa7 Kd8 29. Kd2 b4 30. Bc2 b3 31. axb3 axb3 32. Bd3 Rb4 33. Kc3 Rg4 34. g3 h5 35. Ra8+ Ke7 36. Rh8 Be8 37. Kxb3 Rg5 38. Kc3 Rxe5 39. Kd2 Rg5 40. b4 Rg4 41. Kc3 e5 42. e4 dxe4 43. Be2 1-0

[Event "Sao Paulo Hebraica 4th"]
[Site "Sao Paulo"]
[Date "2007.05.??"]
[Round "9"]
[White "D'Israel, Davy Maurice"]
[Black "Bronstein, Luis Marcos"]
[Result "0-1"]
[WhiteElo "2277"]
[BlackElo "2343"]
[PlyCount "122"]
[EventDate "2007.05.02"]
[EventType "tourn"]
[EventRounds "9"]
[EventCountry "BRA"]
[SourceTitle "EXT 2022"]
[Source "ChessBase"]
[SourceDate "2021.10.06"]
[SourceVersion "1"]
[SourceVersionDate "2021.10.06"]
[SourceQuality "1"]

1. d4 Nf6 2. c4 g6 3. Nc3 d5 4. Bg5 Ne4 5. Bh4 c5 6. cxd5 Nxc3 7. bxc3 Qxd5 8. e3 cxd4 9. Qxd4 Qxd4 10. cxd4 e6 11. Bd3 Nc6 12. Nf3 Be7 13. Bxe7 Kxe7 14. Rb1 Rb8 15. Ke2 Bd7 16. Rbc1 Rhc8 17. Nd2 e5 18. d5 Na5 19. e4 Kd6 20. g3 Rxc1 21. Rxc1 Rc8 22. Rxc8 Bxc8 23. f4 f6 24. Ke3 Bg4 25. Be2 Bd7 26. fxe5+ fxe5 27. Nf3 h6 28. h4 b5 29. Nd2 Nb7 30. Kd3 a5 31. Kc3 Nc5 32. Bd1 Bh3 33. a4 Bd7 34. axb5 Bxb5 35. Bc2 Nd7 36. Nb3 a4 37. Nd2 Kc5 38. Bd1 Nf6 39. Bf3 g5 40. hxg5 hxg5 41. Bd1 g4 42. Bc2 Nh5 43. Bd1 Bd7 44. Nc4 Nxg3 45. Nxe5 Nxe4+ 46. Kb2 g3 47. Nxd7+ Kd6 48. Bf3 Nd2 49. Bg2 Nc4+ 50. Ka2 Kxd7 51. Be4 Kd6 52. Bg2 Kc5 53. Bf3 Kb4 54. Bg2 a3 55. Bf3 Nd6 56. Bg2 Nb5 57. Bf3 Nc3+ 58. Ka1 Kc5 59. Bg2 Nxd5 60. Ka2 Nf4 61. Bb7 Nd5 0-1